Manygolf adjectives and names - Statistics

General Stats
  • This quiz has been taken 15 times
    10 since last reset
  • The average score is 43 of 48
Answer Stats
% Correct
Ace
100%
Ace
100%
Albatross
100%
Amazing
100%
Angry
100%
Backspin
100%
Birdie
100%
Bogey
100%
Boring
100%
Caddie
100%
Club
100%
Draw
100%
Dull
100%
Explosive
100%
Extreme
100%
Fade
100%
Fairway
100%
Golf
100%
Great
100%
Green
100%
Green
100%
Grumpy
100%
Hook
100%
Incredible
100%
Iron
100%
Iron
100%
Major
100%
Major
100%
Mediocre
100%
Ok
100%
Putt
100%
Rough
100%
Rough
100%
Sad
100%
Sleepy
100%
Slice
100%
Spin
100%
Super
100%
Swing
100%
Ball
50%
Bunker
50%
Eagle
50%
Happy
50%
Hazard
50%
Mulligan
50%
Tee
50%
Wedge
50%
Unpleasant
0%
No matching quizzes found
Score Distribution
Percent of People with Each Score
Percentile by Number Answered
Your Score History
You have not taken this quiz since the last reset